000 00737nam a22001937a 4500
999 _c54958
_d54958
005 20181218121322.0
020 _a9788184951332
_c275.00
035 _aB-428189-195
037 _bAllied/DE2010/CR/2777/16.3.11/280/4.3.11/30.3.11
082 _a658.409
100 _aPillai, Radhakrishnan
245 _aCorporate chanakya :
_bsuccessful management the chanakya way /
_cby Radhakrishnan Pillai
260 _aMumbai :
_bJai Publishing House
_c2011
270 _aA-2, Jash Chamber, 7-A, Sir Phirozshah Mehta Road, Fort
_bMumbai
_e400001
300 _axxvi,317 p.
_c22 cm (Pbk)
650 _aManagement
942 _2ddc
_cEN
_h658.409
_mPIL